00788nam a2200193 i 450000100060000000300090000600500170001500700030003200800410003510000270007624502110010326000320031430000220034670000230036870000320039185200320042399900170045595201220047234370ES-MaACL20230906154924.0t|030204s1963 sp ||||1| spa d1 aBloom, André.92955513aLa oración de corazón mística y yoga de la Iglesia Oriental b: la centuria de los monjes Calixto e Ignacio / cAndré Bloom ; conclusión por Gebh Frei ; versión española de José Luis Albizu. aMadrid : bStudium, c1963. a154 p. ; c19 cm.1 aFrei, Gebh.9524431 aAlbizu, José Luis.919396 aES-MaACLjC-25066 bR.53676 c34370d34370 00104070aATENEOMbATENEOMcDEPO2d2008-01-17eSCl0oC-25066p1035847r2023-02-23 00:00:00w2023-02-23yMONOGRAFIA